000 00193 a2200097 4500
001 45931
100 _aA.H Kardar
245 _aGreen shadows
260 _aKarachi
_b
_c
090 _c29046
_d29046
942 _aNUST-CAE
_cM
_c21165
999 _c281004
_d281004